Restoration of Bayer-sampled image sequences /
保存先:
| 第一著者: | |
|---|---|
| その他の著者: | , |
| フォーマット: | 論文 |
| 言語: | English |
| 主題: | |
| タグ: |
タグ追加
タグなし, このレコードへの初めてのタグを付けませんか!
|
| Thư viện lưu trữ: | Thư viện Trường Đại học Đà Lạt |
|---|
| LEADER | 00855nam a2200289 4500 | ||
|---|---|---|---|
| 001 | DLU090098538 | ||
| 005 | ##20091201 | ||
| 040 | # | # | |a DLU |b eng |
| 041 | # | # | |a eng |
| 044 | # | # | |a uk |
| 100 | # | # | |a Gevrekci, Murat. |
| 245 | # | # | |a Restoration of Bayer-sampled image sequences / |c Murat Gevrekci, Bahadir K. Gunturk, Yucel Altunbasak. |
| 653 | # | # | |a Demosaicking |
| 653 | # | # | |a Image processing |
| 653 | # | # | |a Super-resolution |
| 700 | # | # | |a Altunbasak, Yucel. |
| 700 | # | # | |a Gunturk, Bahadir K. |
| 773 | # | # | |t The Computer Journal |g Vol. 52, no. 1 (February 2009), p. 1-14 |
| 920 | # | # | |a Phòng Tạp chí -- Trung tâm Thông tin - Thư viện Trường Đại học Đà Lạt |
| 994 | # | # | |a DLU |
| 900 | # | # | |a True |
| 911 | # | # | |a Trương Bảo Trâm Anh |
| 925 | # | # | |a G |
| 926 | # | # | |a A |
| 927 | # | # | |a BB |
| 980 | # | # | |a Thư viện Trường Đại học Đà Lạt |